Statistics for Pakistan Country Quiz

Click here to take the quiz!

General Stats

  • This quiz has been taken 11,916 times
    (11,316 since last reset)
  • The average score is 14 of 22

Answer Stats

Hint Answer % Correct
Capital cityIslamabad
96%
Most popular sportCricket
95%
Only country with more Muslims
than Pakistan
Indonesia
90%
Country formerly known as East PakistanBangladesh
87%
Second highest mountain in the world,
on the border with China
K2
87%
Two most populous citiesKarachi
83%
Two objects that appear on the flagStar
80%
Official languagesEnglish
75%
Official languagesUrdu
74%
Longest river - the site of
an ancient civilization
Indus
71%
Two objects that appear on the flagCrescent
69%
Two most populous citiesLahore
68%
Pakistan borders this seaArabian Sea
62%
Most-spoken languagesPashto
55%
Most common family name in Pakistan
(Hint: starts with K)
Khan
54%
Only female Prime MinisterBenazir Bhutto
48%
Most-spoken languagesPunjabi
46%
Pakistan's national animal is the Markhor,
a type of ...
Goat
27%
City, starting with Q, that is the
capital of Balochistan
Quetta
26%
National sportField hockey
26%
The founder of PakistanMuhammad Ali
Jinnah
22%
National flower (Hint: it's white)Jasmine
17%

Score Distribution

Percentile by Number Answered

Percent of People with Each Score

Your Score History

You have not taken this quiz since the last reset